[Event "Politiken Cup 2007"]
[Site "Helsingor"]
[Date "2007.07.26"]
[Round "8.85"]
[White "Pijlman, Rene"]
[Black "Mathiesen, Erik"]
[Result "0-1"]
[WhiteElo "1854"]
[BlackElo "2060"]
[PlyCount "120"]
[EventDate "2007.??.??"]

1. e4 d6 2. Nc3 Nf6 3. d4 g6 4. Be2 Bg7 5. Be3 c6 6. f4 Qa5 7. Qd2 b5 8. e5 b4
9. exf6 bxc3 10. fxg7 cxd2+ 11. Bxd2 Qxd2+ 12. Kxd2 Rg8 13. Bf3 Rxg7 14. b4 d5
15. Ne2 Ba6 16. a4 Bxe2 17. Bxe2 Kd8 18. c4 Nd7 19. Ra2 Nf6 20. Rc1 Rg8 21. c5
Kc7 22. b5 Rab8 23. Kc3 e6 24. Rb2 g5 25. fxg5 Rxg5 26. Bf3 Nd7 27. Rcb1 e5 28.
bxc6 Rxb2 29. Rxb2 Kxc6 30. dxe5 Nxc5 31. Kd4 Ne6+ 32. Kd3 Rxe5 33. Rb8 Re1 34.
Rh8 Ra1 35. Rxh7 Ra3+ 36. Kd2 Ng5 37. Rh6+ Kc5 38. Ra6 Nxf3+ 39. gxf3 Rxf3 40.
Rxa7 Kd4 41. Re7 f5 42. h4 Rf2+ 43. Ke1 Ra2 44. h5 Rxa4 45. h6 Ra2 46. h7 Rh2
47. Kf1 Kd3 48. Re5 d4 49. Rxf5 Rxh7 50. Rd5 Re7 51. Rd8 Kc3 52. Rc8+ Kd2 53.
Rd8 d3 54. Kf2 Rf7+ 55. Kg3 Ke2 56. Re8+ Kd1 57. Rd8 d2 58. Rd6 Rc7 59. Ra6 Kc2
60. Ra2+ Kd3 0-1

[Event "Politiken Cup 2007"]
[Site "Helsingor"]
[Date "2007.07.26"]
[Round "8.87"]
[White "Thomassen, Thomas"]
[Black "Cromsight, Jeroen"]
[Result "1-0"]
[WhiteElo "2047"]
[BlackElo "1872"]
[PlyCount "129"]
[EventDate "2007.??.??"]

1. c4 Nf6 2. Nc3 d5 3. cxd5 Nxd5 4. g3 c5 5. Bg2 Nb6 6. Nf3 Nc6 7. O-O e5 8. d3
Be7 9. Be3 f6 10. Nd2 Be6 11. f4 Nd5 12. Nxd5 Bxd5 13. Bh3 O-O 14. Rc1 Nd4 15.
Bxd4 exd4 16. Bf5 g6 17. Be4 f5 18. Bxd5+ Qxd5 19. Qb3 Qxb3 20. Nxb3 b6 21. Rc2
Rfe8 22. Nd2 Bd6 23. Kf2 Rad8 24. Rfc1 a5 25. a4 Kf7 26. Nc4 Bc7 27. Kf3 h5 28.
h3 Kf6 29. Rg1 Rh8 30. Rcc1 Rd7 31. Ra1 Rhh7 32. Ra3 Rh8 33. Rb3 Rb8 34. Rb5
Re7 35. Ra1 Rbe8 36. Re1 Re6 37. Rb3 R8e7 38. e4 dxe3 39. Rxe3 Rxe3+ 40. Nxe3
Rd7 41. Nc4 Rd4 42. h4 Ke6 43. Ke3 Kd5 44. Nxb6+ Bxb6 45. Rxb6 Rxa4 46. Rxg6
Rb4 47. Rf6 Rxb2 48. Rxf5+ Kc6 49. Rf6+ Kb7 50. Rf7+ Kb6 51. Rf8 Kb7 52. f5 a4
53. f6 Rb1 54. Ke2 Rb6 55. f7 Rf6 56. Re8 Rxf7 57. Re4 Kc6 58. Rxa4 Rg7 59. Kf3
Rd7 60. Ke4 Rg7 61. Kf3 Rd7 62. Ra3 Kd5 63. Ra4 Ke6 64. Ke4 Rg7 65. Ra6+ 1-0

[Event "Politiken Cup 2007"]
[Site "Helsingor"]
[Date "2007.07.26"]
[Round "8.88"]
[White "Motzkus, Mikkel"]
[Black "Nordfjoerd, Sverrir"]
[Result "1-0"]
[WhiteElo "1839"]
[BlackElo "2039"]
[PlyCount "127"]
[EventDate "2007.??.??"]

1. d4 Nf6 2. Nf3 c5 3. d5 b5 4. e3 Qb6 5. c4 b4 6. Bd3 g6 7. b3 Bg7 8. Bb2 O-O
9. O-O Nh5 10. Bxg7 Nxg7 11. e4 d6 12. Re1 Bg4 13. Nbd2 Nd7 14. h3 Bxf3 15.
Nxf3 f6 16. Qd2 a5 17. a4 bxa3 18. Rxa3 Qb4 19. Rea1 Ne5 20. Qe2 Qc3 21. Nxe5
fxe5 22. Qc2 Qb4 23. Ra4 Qb6 24. Qc3 Rfb8 25. Bc2 Nh5 26. g3 Nf6 27. Rxa5 Rxa5
28. Qxa5 Kf7 29. Qxb6 Rxb6 30. Ra7 Ne8 31. Kg2 g5 32. f4 gxf4 33. gxf4 exf4 34.
Kf3 Rb8 35. Kxf4 Kf6 36. Ra6 e5+ 37. dxe6 Rb7 38. Bd1 Kxe6 39. Bg4+ Ke7 40. e5
dxe5+ 41. Kxe5 Rxb3 42. Ra7+ Kf8 43. Kd5 Nf6+ 44. Kxc5 Nxg4 45. hxg4 Rg3 46.
Rxh7 Rxg4 47. Rd7 Ke8 48. Rd1 Rg5+ 49. Kc6 Rg6+ 50. Rd6 Rg1 51. c5 Rc1 52. Rd5
Rb1 53. Kc7 Rc1 54. c6 Rb1 55. Rd8+ Ke7 56. Rb8 Rc1 57. Rb4 Rc2 58. Re4+ Kf8
59. Kb7 Rb2+ 60. Kc8 Rc2 61. c7 Rb2 62. Re5 Rc2 63. Kd7 Rd2+ 64. Kc6 1-0

[Event "Politiken Cup 2007"]
[Site "Helsingor"]
[Date "2007.07.26"]
[Round "8.89"]
[White "Nordin, Eric"]
[Black "Andersen, Rune Egede"]
[Result "0-1"]
[WhiteElo "1843"]
[BlackElo "2016"]
[PlyCount "92"]
[EventDate "2007.??.??"]

1. e4 e6 2. d4 d5 3. exd5 exd5 4. Nf3 Bg4 5. c4 Bb4+ 6. Nc3 Ne7 7. Qa4+ Nbc6 8.
Ne5 Be6 9. a3 Bxc3+ 10. bxc3 O-O 11. Nxc6 Nxc6 12. Be2 Qd7 13. O-O Nxd4 14. Qd1
Nxe2+ 15. Qxe2 dxc4 16. Rd1 Qc6 17. Be3 Rfe8 18. Rd4 Rad8 19. Rh4 Qd5 20. Rd4
Qe5 21. Rad1 Rxd4 22. cxd4 Qe4 23. f3 Qc6 24. Qd2 Bd5 25. Qc3 h6 26. Bd2 Qf6
27. Re1 Rd8 28. Qe3 Be6 29. Bc3 Rd5 30. Re2 b6 31. Rd2 c6 32. Bb4 h5 33. a4 h4
34. a5 h3 35. g3 Qg6 36. Rb2 Rb5 37. axb6 axb6 38. Qe4 Bf5 39. Qe8+ Kh7 40. Qe7
Be6 41. Qh4+ Rh5 42. Qe4 Bf5 43. Qe7 Be6 44. Rd2 Qb1+ 45. Kf2 Qh1 46. Ke3 c5
0-1

[Event "Politiken Cup 2007"]
[Site "Helsingor"]
[Date "2007.07.26"]
[Round "8.90"]
[White "Henrichsen, Jens"]
[Black "Minguez Greciano, Iluminada"]
[Result "0-1"]
[WhiteElo "2010"]
[BlackElo "1861"]
[PlyCount "170"]
[EventDate "2007.??.??"]

1. d4 d5 2. c4 e6 3. Nf3 c6 4. Nc3 dxc4 5. a4 Bb4 6. e3 b5 7. Bd2 a5 8. axb5
Bxc3 9. Bxc3 cxb5 10. b3 Bb7 11. d5 Nf6 12. bxc4 b4 13. Bxf6 Qxf6 14. Qa4+ Nd7
15. Nd4 exd5 16. cxd5 Ke7 17. d6+ Kxd6 18. Qb5 Rhb8 19. Rxa5 Be4 20. Ra6+ Rxa6
21. Qxa6+ Rb6 22. Qc4 Ke7 23. f3 Bf5 24. e4 Be6 25. Nxe6 Qa1+ 26. Kf2 fxe6 27.
Rg1 b3 28. Bd3 b2 29. Rb1 Qa3 30. Rd1 Rb3 31. Bb1 Rc3 32. Qd4 Qc5 33. Qxc5+
Nxc5 34. e5 Na4 35. Ke2 Rc1 36. Kd2 Rc5 37. Re1 Kd7 38. Bxh7 Kc6 39. h4 Kb5 40.
h5 Kb4 41. g4 Kb3 42. g5 Rd5+ 43. Ke3 Rxe5+ 44. Kf2 Rxg5 45. Rxe6 Rxh5 46. Be4
Nc3 47. Rb6+ Kc4 48. Ke3 Nxe4 49. Rxb2 Nd6 50. Kf4 Kd5 51. Kg4 Re5 52. f4 Re4
53. Kg5 Re7 54. f5 Re5 55. Rd2+ Kc6 56. Kg6 Nxf5 57. Rf2 Re6+ 58. Kg5 g6 59.
Ra2 Kd7 60. Ra7+ Ke8 61. Rh7 Kf8 62. Rh8+ Kg7 63. Ra8 Ne7 64. Ra7 Re5+ 65. Kf4
Kf6 66. Ra6+ Re6 67. Ra5 Nc6 68. Rc5 Ne5 69. Ra5 g5+ 70. Kg3 Kf5 71. Ra1 Ng6
72. Ra5+ Re5 73. Ra8 Re3+ 74. Kf2 Kf4 75. Rg8 Nh4 76. Rf8+ Nf5 77. Rxf5+ Kxf5
78. Kxe3 Kg4 79. Kf2 Kh3 80. Kg1 Kg3 81. Kh1 Kf2 82. Kh2 g4 83. Kh1 Kf3 84. Kg1
Kg3 85. Kh1 Kf2 0-1

[Event "Politiken Cup 2007"]
[Site "Helsingor"]
[Date "2007.07.26"]
[Round "8.91"]
[White "Palsson, Svanberg Mar"]
[Black "Kokholm, Daniel"]
[Result "1-0"]
[WhiteElo "1817"]
[BlackElo "2000"]
[PlyCount "121"]
[EventDate "2007.??.??"]

1. d4 d5 2. c4 Nc6 3. Bf4 Nf6 4. e3 dxc4 5. Bxc4 e5 6. dxe5 Qxd1+ 7. Kxd1 Ng4
8. Ke2 Ngxe5 9. Bb5 Bd7 10. Bxc6 Nxc6 11. Bxc7 Nb4 12. Nc3 Rc8 13. Bg3 Be6 14.
a3 Bc4+ 15. Kf3 Nd3 16. Nge2 Rc6 17. Ne4 f5 18. N4c3 g5 19. Nd4 g4+ 20. Ke2
Nxb2+ 21. Kd2 Ra6 22. Rhb1 Bxa3 23. Ndb5 Bxb5 24. Nxb5 O-O 25. Nxa3 Rxa3 26.
Rxa3 Nc4+ 27. Ke2 Nxa3 28. Rxb7 Rd8 29. Be5 Rd5 30. Bd4 a5 31. Rg7+ Kf8 32.
Rxh7 Nc2 33. Rc7 Nxd4+ 34. exd4 Ke8 35. Kd3 Kd8 36. Ra7 Rb5 37. Kc3 Ke8 38. f3
gxf3 39. gxf3 Kf8 40. f4 Ke8 41. h4 Rb1 42. Rxa5 Rh1 43. Rxf5 Rxh4 44. d5 Ke7
45. Kd4 Rh1 46. Re5+ Kd6 47. Re6+ Kd7 48. Ke5 Re1+ 49. Kf6 Rd1 50. d6 Rh1 51.
f5 Rf1 52. Re2 Kxd6 53. Rd2+ Kc7 54. Ke6 Re1+ 55. Kf7 Rf1 56. f6 Rf3 57. Ke7
Re3+ 58. Kf8 Rf3 59. f7 Rf1 60. Rg2 Kd7 61. Kg7 1-0

[Event "Politiken Cup 2007"]
[Site "Helsingor"]
[Date "2007.07.26"]
[Round "8.92"]
[White "Andersen, Daniel"]
[Black "Vaarala, Eric"]
[Result "1-0"]
[WhiteElo "1997"]
[BlackElo "1813"]
[PlyCount "107"]
[EventDate "2007.??.??"]

1. c4 Nf6 2. Nc3 c6 3. d4 d5 4. e3 e6 5. Nf3 Bb4 6. Qc2 O-O 7. a3 Ba5 8. b4 Bc7
9. Bd3 Nbd7 10. O-O e5 11. cxd5 cxd5 12. dxe5 Nxe5 13. Be2 Nxf3+ 14. Bxf3 Bg4
15. Bxg4 Nxg4 16. h3 Nf6 17. Bb2 Rc8 18. Qd3 Be5 19. f4 Bxc3 20. Bxc3 Ne4 21.
Rac1 Re8 22. Qd4 Nxc3 23. Rxc3 Rxc3 24. Qxc3 Qb6 25. Kf2 Qe6 26. Rd1 Rc8 27.
Qd3 Qe4 28. Qxd5 Rc2+ 29. Kf1 Qxd5 30. Rxd5 Kf8 31. Rd7 Ra2 32. Rxb7 Rxa3 33.
Kf2 a5 34. bxa5 Rxa5 35. g4 h5 36. f5 hxg4 37. hxg4 g6 38. fxg6 fxg6 39. Kf3
Ra4 40. e4 Ra5 41. Kf4 g5+ 42. Ke3 Ra3+ 43. Kd4 Rg3 44. Ke5 Rxg4 45. Kd5 Rf4
46. e5 Rf7 47. Rb6 Rd7+ 48. Ke6 Re7+ 49. Kf6 g4 50. e6 Re8 51. Rb4 g3 52. Rh4
Kg8 53. Rg4+ Kh7 54. Kf7 1-0

[Event "Politiken Cup 2007"]
[Site "Helsingor"]
[Date "2007.07.26"]
[Round "8.93"]
[White "Wilhelm, Holger"]
[Black "Green, Per"]
[Result "1-0"]
[WhiteElo "1690"]
[BlackElo "1997"]
[PlyCount "91"]
[EventDate "2007.??.??"]

1. e4 c5 2. Nf3 Nc6 3. Nc3 g6 4. Bc4 Bg7 5. O-O d6 6. Re1 e6 7. Ne2 Nf6 8. Ng3
e5 9. c3 O-O 10. d4 exd4 11. cxd4 Bg4 12. dxc5 Bxf3 13. Qxf3 Nd4 14. Qd1 dxc5
15. Be3 Qd7 16. Bxd4 cxd4 17. Bd3 Ng4 18. Rc1 Rac8 19. Re2 Rxc1 20. Qxc1 h5 21.
Rc2 Ne5 22. Qd1 h4 23. Nf1 Bh6 24. Rc5 Qe7 25. Rc2 Rd8 26. g3 hxg3 27. hxg3 Nc6
28. a3 Qe6 29. f4 Kg7 30. Rc5 Rh8 31. Qe2 Qe7 32. Rc2 g5 33. f5 Qe5 34. Qf3 Kf6
35. Nh2 Qa5 36. Ng4+ Ke7 37. Qf2 f6 38. Qd2 Qb6 39. Qe2 Ne5 40. Nxe5 fxe5 41.
Qd2 g4 42. Qb4+ Qxb4 43. axb4 Be3+ 44. Kg2 Kd7 45. Rc5 Re8 46. Bb5+ 1-0

[Event "Politiken Cup 2007"]
[Site "Helsingor"]
[Date "2007.07.26"]
[Round "8.94"]
[White "Melkeraaen, Terje"]
[Black "Mamak, Wojciech"]
[Result "1/2-1/2"]
[WhiteElo "1801"]
[BlackElo "1985"]
[PlyCount "85"]
[EventDate "2007.??.??"]

1. d4 Nf6 2. c4 g6 3. Nc3 d6 4. e4 Bg7 5. f3 O-O 6. Be3 Nbd7 7. Qd2 c5 8. Nge2
a6 9. Rc1 Qa5 10. Nd5 Qxd2+ 11. Kxd2 e6 12. Ne7+ Kh8 13. d5 b5 14. Nc3 b4 15.
Na4 Bb7 16. Bd3 Rfe8 17. Nc6 Bxc6 18. dxc6 Ne5 19. c7 Rac8 20. Rhd1 Rxc7 21.
Ke2 Nc6 22. Bb1 Rd8 23. e5 dxe5 24. Rxd8+ Nxd8 25. Bxc5 Nc6 26. Bd6 Rc8 27. c5
Bf8 28. Nb6 Rd8 29. Bc7 Rd4 30. Bd3 Ne8 31. Na8 Bh6 32. Rc4 Rd7 33. Be4 Nd4+
34. Rxd4 exd4 35. Be5+ Bg7 36. Bc6 Rd8 37. Bxg7+ Kxg7 38. Bxe8 Rxe8 39. Nb6 Re7
40. Kd3 Rc7 41. Kxd4 Kf6 42. Kc4 Ke5 43. Kxb4 1/2-1/2

[Event "Politiken Cup 2007"]
[Site "Helsingor"]
[Date "2007.07.26"]
[Round "8.96"]
[White "Rostgaard, Tobias Valentin"]
[Black "Frank-Nielsen, Marie"]
[Result "1-0"]
[WhiteElo "1656"]
[BlackElo "1967"]
[PlyCount "79"]
[EventDate "2007.??.??"]

1. e4 c5 2. Nc3 Nc6 3. f4 g6 4. Nf3 Bg7 5. Bb5 a6 6. Bxc6 bxc6 7. O-O Nf6 8. d3
O-O 9. Qe1 d6 10. Qh4 e6 11. e5 Nd5 12. Qxd8 Rxd8 13. Ne4 dxe5 14. fxe5 Nb4 15.
Rf2 c4 16. a3 Nd5 17. dxc4 Nb6 18. c5 Nc4 19. Nd6 Nxe5 20. Bg5 Rd7 21. Nxe5
Bxe5 22. Nc4 Bd4 23. Be3 a5 24. Bxd4 Rxd4 25. Nb6 Rb8 26. c3 Rd8 27. b4 axb4
28. axb4 Bd7 29. Rd2 Be8 30. Rad1 Rxd2 31. Rxd2 f5 32. Rd6 e5 33. Re6 e4 34. b5
cxb5 35. c6 Rxb6 36. Rxe8+ Kf7 37. c7 Rc6 38. c8=Q Rxc8 39. Rxc8 Kf6 40. Rc5
1-0

[Event "Politiken Cup 2007"]
[Site "Helsingor"]
[Date "2007.07.26"]
[Round "8.97"]
[White "Tuomisto, Keijo"]
[Black "Nilsson, Ulf"]
[Result "1/2-1/2"]
[WhiteElo "1965"]
[BlackElo "1800"]
[PlyCount "28"]
[EventDate "2007.??.??"]

1. e4 c6 2. d4 d5 3. Nd2 dxe4 4. Nxe4 Bf5 5. Ng3 Bg6 6. Nf3 Nd7 7. h4 h6 8. h5
Bh7 9. Bd3 Bxd3 10. Qxd3 e6 11. Bf4 Qa5+ 12. Bd2 Bb4 13. Qb3 Bxd2+ 14. Nxd2
O-O-O 1/2-1/2

[Event "Politiken Cup 2007"]
[Site "Helsingor"]
[Date "2007.07.26"]
[Round "8.98"]
[White "Petersen, Lars"]
[Black "Nielsen, Martin Skovso"]
[Result "1/2-1/2"]
[WhiteElo "1958"]
[BlackElo "1735"]
[PlyCount "87"]
[EventDate "2007.??.??"]

1. e4 e5 2. Nf3 Nc6 3. Bc4 Nf6 4. Ng5 Bc5 5. Bxf7+ Ke7 6. Bd5 d6 7. Nf7 Bxf2+
8. Kxf2 Qf8 9. Nc3 Nd4 10. d3 c6 11. Bg5 cxd5 12. Nxd5+ Kxf7 13. Bxf6 gxf6 14.
Qh5+ Kg7 15. Rhf1 Be6 16. Kg1 Qe8 17. Qh4 Bxd5 18. Qxf6+ Kg8 19. exd5 Qg6 20.
Qe7 Ne2+ 21. Kh1 Nf4 22. g3 Re8 23. Qxb7 Nh5 24. Rae1 h6 25. Qxa7 Rh7 26. Qe3
Rhe7 27. c4 Nf6 28. b4 Rf7 29. b5 Ra8 30. Qe2 Ra3 31. Rd1 Rfa7 32. Rd2 Nd7 33.
Qf2 Nc5 34. Qf8+ Kh7 35. Rdf2 Rg7 36. Rf7 Ra7 37. Rxa7 Rxa7 38. b6 Rg7 39. Rf6
Qxd3 40. Rxd6 Qe4+ 41. Kg1 Qe3+ 42. Kg2 Qe2+ 43. Kg1 Qe3+ 44. Kg2 1/2-1/2

[Event "Politiken Cup 2007"]
[Site "Helsingor"]
[Date "2007.07.26"]
[Round "8.99"]
[White "van Veelen, Jouke"]
[Black "Rasmussen, Morten"]
[Result "0-1"]
[WhiteElo "1565"]
[BlackElo "1958"]
[PlyCount "30"]
[EventDate "2007.??.??"]

1. Nf3 d5 2. d4 Nc6 3. Bf4 Bg4 4. e3 e6 5. c4 Nf6 6. a3 Bd6 7. Bxd6 Qxd6 8. Be2
dxc4 9. Nbd2 O-O 10. Nxc4 Qd5 11. Rc1 Nd7 12. O-O Rfe8 13. h3 Bf5 14. Qb3 Rad8
15. Qxb7 Nxd4 0-1

[Event "Politiken Cup 2007"]
[Site "Helsingor"]
[Date "2007.07.26"]
[Round "8.100"]
[White "Hobber, Anders"]
[Black "Thorfinnsdottir, Elsa Maria"]
[Result "1/2-1/2"]
[WhiteElo "1954"]
[BlackElo "1693"]
[PlyCount "76"]
[EventDate "2007.??.??"]

1. e4 e5 2. Nf3 Nc6 3. Bc4 Bc5 4. d3 h6 5. O-O Nf6 6. Re1 d6 7. c3 O-O 8. Nbd2
Bg4 9. h3 Bh5 10. Nf1 Na5 11. Bb5 a6 12. Ba4 b5 13. Bc2 Bb6 14. Ng3 Bg6 15. Nh4
Nxe4 16. dxe4 Qxh4 17. Qf3 Rae8 18. a4 Re6 19. Nf5 Bxf5 20. exf5 Ree8 21. f6 e4
22. Rxe4 Rxe4 23. Bxe4 Bxf2+ 24. Qxf2 Qxe4 25. fxg7 Kxg7 26. Be3 Nc4 27. Bd4+
f6 28. Re1 Qg6 29. axb5 axb5 30. Rf1 Qg5 31. h4 Qg6 32. b3 Na5 33. b4 Nc4 34.
Re1 Rf7 35. Re6 Qb1+ 36. Kh2 Qg6 37. Kg1 Qb1+ 38. Kh2 Qg6 1/2-1/2

[Event "Politiken Cup 2007"]
[Site "Helsingor"]
[Date "2007.07.26"]
[Round "8.101"]
[White "Ringoir, Guy"]
[Black "Helgadottir, Sigridur Bjorg"]
[Result "1-0"]
[WhiteElo "1938"]
[BlackElo "1564"]
[PlyCount "35"]
[EventDate "2007.??.??"]

1. e4 c5 2. Nf3 d6 3. d4 cxd4 4. Nxd4 Nf6 5. Nc3 a6 6. Bg5 e6 7. f4 Be7 8. Qf3
Qc7 9. O-O-O b5 10. Bxf6 Bxf6 11. Bxb5+ axb5 12. Ndxb5 Qc6 13. Rxd6 Qb7 14.
Rxe6+ Kf8 15. Nd6 Qd7 16. Re8+ Qxe8 17. Nxe8 Kxe8 18. e5 1-0

[Event "Politiken Cup 2007"]
[Site "Helsingor"]
[Date "2007.07.26"]
[Round "8.102"]
[White "Karlsson, Patrik"]
[Black "Christensen, Casper"]
[Result "1-0"]
[WhiteElo "1934"]
[BlackElo "1524"]
[PlyCount "79"]
[EventDate "2007.??.??"]

1. d4 d5 2. Nf3 Bf5 3. e3 Nf6 4. c4 e6 5. Nc3 c5 6. Qb3 b6 7. cxd5 exd5 8. Bb5+
Nbd7 9. Nxd5 Nxd5 10. Qxd5 Be6 11. Qe4 Be7 12. d5 Bh3 13. d6 Be6 14. dxe7 Kxe7
15. Bxd7 Kxd7 16. Bd2 Qc7 17. Ne5+ Ke7 18. Bc3 Rac8 19. Rd1 Kf8 20. b3 a5 21.
f4 Rd8 22. O-O Re8 23. Qd3 Kg8 24. Qd6 Qxd6 25. Rxd6 Rb8 26. f5 Bd5 27. Rxd5
Ra8 28. Rfd1 h6 29. Rd8+ Rxd8 30. Rxd8+ Kh7 31. Rxh8+ Kxh8 32. Nd7 b5 33. Bxa5
Kg8 34. Nxc5 Kf8 35. Bd8 Ke8 36. f6 gxf6 37. Bxf6 h5 38. a4 bxa4 39. bxa4 h4
40. a5 1-0

[Event "Politiken Cup 2007"]
[Site "Helsingor"]
[Date "2007.07.26"]
[Round "8.103"]
[White "Almer, Julia"]
[Black "Jogvansson, Hjalti Toftum"]
[Result "1-0"]
[WhiteElo "1932"]
[BlackElo "1519"]
[PlyCount "77"]
[EventDate "2007.??.??"]

1. e4 d5 2. exd5 Qxd5 3. Nc3 Qd6 4. d4 Nf6 5. Bc4 a6 6. Nge2 b5 7. Bd3 Bb7 8.
Bf4 Qb6 9. f3 e6 10. a4 b4 11. a5 Qa7 12. Bxc7 Nbd7 13. Na4 Nd5 14. Bg3 N7f6
15. Qd2 Be7 16. O-O O-O 17. Bf2 Rac8 18. Ng3 Qb8 19. Ne4 Bd6 20. Nxd6 Qxd6 21.
Bg3 Qc6 22. Nc5 Nd7 23. Nxb7 Qxb7 24. Qe2 Rc6 25. f4 Qa7 26. Bf2 Nxf4 27. Qe4
Nxd3 28. Qxc6 Nxf2 29. Rxf2 Qxd4 30. c3 bxc3 31. bxc3 Qa7 32. Rd1 Ne5 33. Qb6
Qxb6 34. axb6 Rb8 35. Ra2 Kf8 36. Rxa6 Nc4 37. Rb1 Nd6 38. c4 Nxc4 39. b7 1-0

[Event "Politiken Cup 2007"]
[Site "Helsingor"]
[Date "2007.07.26"]
[Round "8.104"]
[White "Suntharalingam, Jathavan"]
[Black "Reppen, Ellisiv"]
[Result "1-0"]
[WhiteElo "1540"]
[BlackElo "1922"]
[PlyCount "157"]
[EventDate "2007.??.??"]

1. e4 e5 2. Nf3 Nc6 3. Bb5 a6 4. Ba4 Nf6 5. d4 b5 6. Bb3 Nxe4 7. d5 Na5 8. Qe2
Nxb3 9. axb3 Nf6 10. Nxe5 Be7 11. c4 O-O 12. O-O bxc4 13. bxc4 Re8 14. Be3 Bf8
15. f4 Bb7 16. Qd3 g6 17. Bd4 Bg7 18. Qb3 Qc8 19. Nc3 d6 20. Nd3 Rb8 21. Ba7
Ra8 22. Bd4 c5 23. Bf2 Ng4 24. Qb6 Nxf2 25. Nxf2 Qb8 26. Rfe1 Rf8 27. Re7 Bc8
28. Na4 Bf6 29. Re2 Bd7 30. Qxb8 Rfxb8 31. Ne4 Bd4+ 32. Kh1 Bxa4 33. Rxa4 Rb6
34. Ra1 Rab8 35. Rb1 h6 36. g4 a5 37. f5 a4 38. Ra1 Ra6 39. Ra2 Rb4 40. Rc2
Rab6 41. Nc3 Bxc3 42. Rxc3 Rxb2 43. Rxa4 Re2 44. Ra1 Rbb2 45. fxg6 Rxh2+ 46.
Kg1 fxg6 47. Rf3 h5 48. gxh5 Rxh5 49. Rf6 Rg5+ 50. Kf1 Rb6 51. Re6 Rf5+ 52. Kg2
Kg7 53. Ra7+ Rf7 54. Rxf7+ Kxf7 55. Kf3 Kg7 56. Kg4 Kh6 57. Kf4 Kh5 58. Re7 g5+
59. Kf5 Kh6 60. Re6+ Kh5 61. Rg6 Rb4 62. Rxg5+ Kh4 63. Rg4+ Kh5 64. Re4 Ra4 65.
Ke6 Ra6 66. Kd7 Kg5 67. Re6 Ra4 68. Rxd6 Rxc4 69. Rc6 Rc1 70. Kc7 Rd1 71. d6
Kf6 72. Rxc5 Ke6 73. Rc2 Ra1 74. Re2+ Kd5 75. d7 Ra7+ 76. Kc8 Ra8+ 77. Kb7 Rf8
78. Re8 Rf7 79. Kc8 1-0

[Event "Politiken Cup 2007"]
[Site "Helsingor"]
[Date "2007.07.26"]
[Round "8.105"]
[White "Viljanen, Jouko"]
[Black "Fjellheim, Marius"]
[Result "1-0"]
[WhiteElo "1917"]
[BlackElo "1318"]
[PlyCount "133"]
[EventDate "2007.??.??"]

1. d4 Nf6 2. c4 e5 3. dxe5 Ne4 4. Qd4 Nc5 5. Nf3 Nc6 6. Qd1 d6 7. Nc3 Bg4 8.
Bf4 Bxf3 9. exf3 dxe5 10. Qxd8+ Rxd8 11. Be3 Nb4 12. Rb1 Be7 13. Be2 Nc2+ 14.
Kf1 Nxe3+ 15. fxe3 c6 16. Kf2 O-O 17. Rhd1 Rxd1 18. Rxd1 Rd8 19. Rxd8+ Bxd8 20.
b4 Ne6 21. Ne4 Be7 22. c5 a5 23. a3 axb4 24. axb4 Nc7 25. Bc4 Nd5 26. Bxd5 cxd5
27. Nc3 d4 28. Nd5 Bg5 29. exd4 exd4 30. f4 Bh6 31. b5 Kf8 32. c6 bxc6 33. bxc6
Ke8 34. Kf3 g6 35. Ke4 Bg7 36. Kd3 Kd8 37. g4 h6 38. f5 gxf5 39. gxf5 Be5 40.
h3 f6 41. Kc4 h5 42. Nb4 h4 43. Nd3 Bg3 44. Kxd4 Kc7 45. Kd5 Bd6 46. Nc5 Be5
47. Ne6+ Kc8 48. Nd4 Kc7 49. Ne6+ Kc8 50. Ke4 Bh2 51. Kf3 Be5 52. Kg4 Bg3 53.
Kh5 Be1 54. Kg6 Bc3 55. Kf7 Be5 56. Ke7 Bc3 57. Nf4 Be5 58. Nd5 Bd4 59. Nxf6
Kc7 60. Ng4 Kxc6 61. f6 Kd5 62. f7 Bc5+ 63. Kf6 Ke4 64. Ne5 Kd5 65. Ng6 Ke4 66.
Ne7 Bd4+ 67. Kg6 1-0

[Event "Politiken Cup 2007"]
[Site "Helsingor"]
[Date "2007.07.26"]
[Round "8.106"]
[White "Jørgensen, Rasmus"]
[Black "Svendsen, Peter"]
[Result "0-1"]
[WhiteElo "1399"]
[BlackElo "2015"]
[PlyCount "84"]
[EventDate "2007.??.??"]

1. e4 e5 2. Nf3 Nf6 3. Nxe5 d6 4. Nf3 Nxe4 5. d4 d5 6. Bd3 Nc6 7. O-O Be7 8.
Re1 Bf5 9. a3 O-O 10. c4 Re8 11. Nbd2 Nxf2 12. Kxf2 Bxd3 13. cxd5 Qxd5 14. Nf1
Bxf1 15. Kxf1 Bf6 16. Be3 Rad8 17. Qd2 Re4 18. Rac1 g6 19. Qf2 Rde8 20. Rc5 Qb3
21. Rc3 Qb5+ 22. Kg1 Nxd4 23. Rxc7 Nxf3+ 24. Qxf3 Qxb2 25. Rc8 R4e7 26. Rec1
Rxc8 27. Rxc8+ Kg7 28. Kf1 Qa1+ 29. Rc1 Qe5 30. Bf4 Qb5+ 31. Kg1 Bd4+ 32. Kh1
Qe2 33. Qxe2 Rxe2 34. h3 Be5 35. Bg5 Bg3 36. Rf1 f5 37. Rd1 Re1+ 38. Rxe1 Bxe1
39. Be3 a6 40. a4 b5 41. axb5 axb5 42. g4 Bc3 0-1

[Event "Politiken Cup 2007"]
[Site "Helsingor"]
[Date "2007.07.26"]
[Round "8.107"]
[White "Meier, Lars"]
[Black "Werner, Gert"]
[Result "1/2-1/2"]
[WhiteElo "1744"]
[BlackElo "2003"]
[PlyCount "109"]
[EventDate "2007.??.??"]

1. e4 g6 2. d4 Bg7 3. Be3 c6 4. Nc3 d5 5. e5 f6 6. f4 Nh6 7. Bd3 Bf5 8. Nf3 Nd7
9. h3 Qa5 10. Qd2 O-O-O 11. g4 Bxd3 12. Qxd3 Qa6 13. Qxa6 bxa6 14. Nd2 Nb6 15.
a4 a5 16. Ne2 fxe5 17. dxe5 e6 18. b3 Bf8 19. Nf3 c5 20. Ng5 Kd7 21. Bd2 Be7
22. Nf3 Nf7 23. Bxa5 h5 24. O-O-O hxg4 25. hxg4 Kc6 26. g5 Rdg8 27. Bxb6 Kxb6
28. Ng3 c4 29. Rxh8 Rxh8 30. Rh1 Bc5 31. Kd2 cxb3 32. Rxh8 Nxh8 33. cxb3 a5 34.
Ne2 Kc6 35. Ned4+ Kd7 36. Nc2 Nf7 37. Nfe1 Nd8 38. Nd3 Nb7 39. Nxc5+ Nxc5 40.
Ke3 Ke7 41. Kd4 Nxb3+ 42. Kc3 Nc5 43. Nd4 Nxa4+ 44. Kc2 Kd7 45. Nf3 Nc5 46. Nh4
a4 47. Nxg6 a3 48. Kb1 Nd3 49. Ka2 Ke8 50. Kxa3 Kf7 51. f5 exf5 52. Nh4 Nxe5
53. Nxf5 Nf3 54. g6+ Kxg6 55. Ne7+ 1/2-1/2

[Event "Politiken Cup 2007"]
[Site "Helsingor"]
[Date "2007.07.26"]
[Round "8.108"]
[White "Goes, Dirk"]
[Black "Palvig, David Kinch"]
[Result "1-0"]
[WhiteElo "1987"]
[BlackElo "1741"]
[PlyCount "75"]
[EventDate "2007.??.??"]

1. d4 d5 2. Bf4 Nf6 3. e3 c6 4. Bd3 Bg4 5. Nf3 e6 6. Nbd2 Bd6 7. h3 Bf5 8. Bxd6
Qxd6 9. Ne5 Nbd7 10. f4 h5 11. O-O Ne4 12. Nxe4 Bxe4 13. Bxe4 dxe4 14. c4 f6
15. Nxd7 Qxd7 16. Qe2 f5 17. b4 b5 18. a4 bxc4 19. Qxc4 Ke7 20. Rfc1 Rhc8 21.
Qe2 g6 22. Rc5 Qb7 23. Qe1 Rab8 24. Rb1 a6 25. Rb2 Rd8 26. Qc3 Rdc8 27. Kh2 Kf7
28. Qc4 Rc7 29. b5 axb5 30. Rbxb5 Qc8 31. Rxb8 Qxb8 32. Rxc6 Rxc6 33. Qxc6 g5
34. Qd7+ Kf6 35. Qb5 Qg8 36. Qe5+ Kg6 37. fxg5 Kxg5 38. Qg3+ 1-0

[Event "Politiken Cup 2007"]
[Site "Helsingor"]
[Date "2007.07.26"]
[Round "8.109"]
[White "Almasy, Alexander"]
[Black "Nielsen, Preben"]
[Result "1-0"]
[WhiteElo "1752"]
[BlackElo "1962"]
[PlyCount "75"]
[EventDate "2007.??.??"]

1. d4 d5 2. c4 c6 3. Nc3 Nf6 4. Nf3 e6 5. Bg5 h6 6. Bh4 g5 7. Bg3 dxc4 8. e3 b5
9. h4 Rg8 10. hxg5 hxg5 11. a4 Bb4 12. Nd2 Bd7 13. Qf3 g4 14. Qf4 Nd5 15. Nxd5
exd5 16. Rh7 Be6 17. Qh6 Nd7 18. axb5 cxb5 19. Ra6 Qf6 20. Qh5 Qf5 21. Qxf5
Bxf5 22. Rh5 Be6 23. Bd6 Bxd6 24. Rxd6 a5 25. e4 Ke7 26. Rc6 Nf6 27. Re5 Kd7
28. exd5 Nxd5 29. Rc5 Rab8 30. Ne4 Rg6 31. Rcxd5+ Bxd5 32. Rxd5+ Kc6 33. Rc5+
Kb6 34. Nc3 Ka6 35. Nxb5 Rf6 36. Nc7+ Kb7 37. Bxc4 Rc6 38. Bd5 1-0

[Event "Politiken Cup 2007"]
[Site "Helsingor"]
[Date "2007.07.26"]
[Round "8.110"]
[White "Pieri, Enzo"]
[Black "Jørgensen, Carina Eilegaard"]
[Result "1-0"]
[WhiteElo "1909"]
[BlackElo "1726"]
[PlyCount "55"]
[EventDate "2007.??.??"]

1. e4 c5 2. Nf3 d6 3. d4 cxd4 4. Nxd4 Nc6 5. Nc3 Nf6 6. Bg5 g6 7. Nxc6 bxc6 8.
e5 Qa5 9. Bxf6 exf6 10. exd6 Qe5+ 11. Qe2 Qxe2+ 12. Bxe2 Bxd6 13. O-O-O Be5 14.
Bf3 Bb7 15. Ne4 Rc8 16. Nc5 Ba8 17. Rd7 a5 18. Ra7 Bd4 19. Rxa5 Bxf2 20. Rf1
Be3+ 21. Kb1 Bxc5 22. Rxc5 O-O 23. g4 Rfe8 24. a4 Re5 25. Rc3 f5 26. gxf5 Rxf5
27. Rd1 c5 28. Bg4 1-0

[Event "Politiken Cup 2007"]
[Site "Helsingor"]
[Date "2007.07.26"]
[Round "8.111"]
[White "Fjellengen, Baard"]
[Black "Eiholt, Bjarne"]
[Result "1-0"]
[WhiteElo "1899"]
[BlackElo "1647"]
[PlyCount "63"]
[EventDate "2007.??.??"]

1. d4 d5 2. c4 e6 3. Nf3 Nf6 4. Nc3 c6 5. Bg5 Be7 6. e3 O-O 7. Bd3 dxc4 8. Bxc4
b5 9. Bd3 a6 10. O-O Nbd7 11. Qc2 c5 12. Bxf6 Nxf6 13. dxc5 b4 14. Ne4 h6 15.
Nxf6+ Bxf6 16. Rfd1 Qe7 17. Be4 Ra7 18. Rac1 Rc7 19. Nd4 Bxd4 20. Rxd4 Bb7 21.
Rxb4 Bxe4 22. Rxe4 Rc6 23. b4 Rfc8 24. Rc4 Qb7 25. a4 R8c7 26. Rd4 Rc8 27. Rcd1
Qb8 28. g3 g6 29. Qd2 a5 30. Rd8+ Kh7 31. Qd7 R6c7 32. Qe8 1-0